000 00657nam a2200241Ia 4500
003 OSt
005 20220926034134.0
006 a|||||r|||| 00| 0
007 ta
008 220923b |||||||| |||| 00| 0 eng d
020 _a0815711271
037 _cGeneral Book
040 _aRTL
_cRTL
_beng
041 _2eng
_aeng
082 _aX:57, M0
100 _aBryant Ralph C.
_9284955
245 0 _aFinancial interdependence and variability in excha
260 _aWashington
_bBrookings USA
_c1980
300 _a26p.
_ccm.
650 _aForeign Exchange
942 _hX:57, M0
_cGB
_2CC
999 _c658815
_d658815